[Event "ECU Clasif2 U20"]
[Site "Chess.com INT"]
[Date "2020.12.18"]
[Round "5"]
[White "Castillo Gonzalez, Thomas Davis"]
[Black "Vasquez Vargas, Henry Richard"]
[Result "0-1"]
[WhiteElo "1816"]
[BlackElo "2021"]
[PlyCount "136"]
[EventDate "2020.12.18"]
[EventType "swiss"]
[EventRounds "9"]
[EventCountry "ECU"]
[SourceTitle "EXT 2022"]
[Source "ChessBase"]
[SourceDate "2021.10.06"]
[SourceVersion "1"]
[SourceVersionDate "2021.10.06"]
[SourceQuality "1"]

1. c4 c6 2. Nc3 d5 3. d4 Nf6 4. Nf3 Bf5 5. Qb3 Qb6 6. c5 Qxb3 7. axb3 Nbd7 8. b4 e6 9. Bf4 Be7 10. b5 0-0 11. e3 Nh5 12. Bg3 Nxg3 13. hxg3 e5 14. Be2 e4 15. Nd2 Be6 16. 0-0 cxb5 17. Nxb5 a6 18. Nc7 Rac8 19. Nxe6 fxe6 20. Bg4 Rf6 21. b4 Rc7 22. b5 axb5 23. Rfb1 b6 24. Ra8+ Kf7 25. Rxb5 bxc5 26. dxc5 Rxc5 27. Rxc5 Nxc5 28. Ra7 Nd3 29. f4 Kf8 30. Nb3 Bc5 31. Nxc5 Nxc5 32. Rc7 Nd3 33. Bh5 g6 34. Bg4 h5 35. Bh3 e5 36. Rd7 exf4 37. gxf4 Nb4 38. Kf2 Rc6 39. Rb7 Nd3+ 40. Kg3 Nc5 41. Ra7 Nd3 42. Kh4 Rd6 43. Kg5 Nb4 44. f5 gxf5 45. Bxf5 Nc2 46. Kf4 Rf6 47. Ke5 Rf7 48. Rxf7+ Kxf7 49. Be6+ Kg6 50. Kf4 d4 51. Bf5+ Kh6 52. exd4 Nxd4 53. Bxe4 Ne6+ 54. Ke5 Ng5 55. Bf5 Nf7+ 56. Kf6 Nd6 57. Bd3 Ne8+ 58. Kf5 Ng7+ 59. Ke5 Kg5 60. Be4 h4 61. Bd5 Nh5 62. Bf3 Nf4 63. Ba8 Kg4 64. Bb7 Kg3 65. Bc6 Nxg2 66. Bxg2 Kxg2 67. Kf4 h3 68. Kg4 h2 0-1

[Event "ECU Clasif1 U20"]
[Site "Chess.com INT"]
[Date "2020.12.17"]
[Round "3"]
[White "Castillo Gonzalez, Thomas Davis"]
[Black "Hernandez Diaz, Paula Sofia"]
[Result "0-1"]
[WhiteElo "1816"]
[BlackElo "1329"]
[PlyCount "68"]
[EventDate "2020.12.17"]
[EventType "swiss"]
[EventRounds "9"]
[EventCountry "ECU"]
[SourceTitle "EXT 2022"]
[Source "ChessBase"]
[SourceDate "2021.10.06"]
[SourceVersion "1"]
[SourceVersionDate "2021.10.06"]
[SourceQuality "1"]

1. c4 c5 2. Nc3 Nc6 3. g3 g6 4. Bg2 Bg7 5. d3 d6 6. e4 e5 7. f4 Nge7 8. Nf3 0-0 9. 0-0 Nd4 10. Be3 f5 11. Rb1 Rb8 12. Nd5 Nxd5 13. Bxd4 Nxf4 14. Bxc5 dxc5 15. gxf4 exf4 16. e5 Re8 17. Re1 g5 18. Qa4 g4 19. Nd2 Bd7 20. Qxa7 Qc7 21. Bd5+ Kh8 22. e6 Bd4+ 23. Kh1 Bc6 24. Qa3 Bxd5+ 25. cxd5 Qd6 26. Qb3 b5 27. Rbc1 Re7 28. a4 b4 29. Re2 f3 30. Ree1 f2 31. Rf1 Qf4 32. Qd1 Be3 33. Rc2 Qd4 34. Nc4 Qxd5+ 0-1

[Event "Wch FIDE Online U18 America qual"]
[Site "Tornelo INT"]
[Date "2020.12.03"]
[Round "4"]
[White "Castillo Gonzalez, Thomas Davis"]
[Black "Finlay, Kendry"]
[Result "1-0"]
[WhiteElo "1482"]
[BlackElo "1379"]
[PlyCount "51"]
[EventDate "2020.12.01"]
[EventType "swiss (rapid)"]
[EventRounds "7"]
[EventCountry "ISS"]
[SourceTitle "EXT 2022"]
[Source "ChessBase"]
[SourceDate "2021.10.06"]
[SourceVersion "1"]
[SourceVersionDate "2021.10.06"]
[SourceQuality "1"]

1. c4 c5 2. Nc3 Nf6 3. g3 Nc6 4. Bg2 e6 5. e4 Be7 6. d3 0-0 7. f4 e5 8. f5 d6 9. Nf3 Nd4 10. 0-0 Bd7 11. h3 h6 12. g4 Nh7 13. Nd5 Bc6 14. Nxe7+ Qxe7 15. Nxd4 cxd4 16. Qe1 b5 17. b3 bxc4 18. bxc4 Rab8 19. h4 f6 20. Rf3 Qd8 21. Rh3 Qe7 22. Qe2 Qd8 23. Rg3 Qe7 24. Ba3 Qd8 25. Rf1 Qa5 26. Bxd6 1-0

[Event "Wch FIDE Online U18 America qual"]
[Site "Tornelo INT"]
[Date "2020.12.03"]
[Round "6"]
[White "Falcon, Benjamin"]
[Black "Castillo Gonzalez, Thomas Davis"]
[Result "1-0"]
[WhiteElo "2052"]
[BlackElo "1482"]
[PlyCount "59"]
[EventDate "2020.12.01"]
[EventType "swiss (rapid)"]
[EventRounds "7"]
[EventCountry "ISS"]
[SourceTitle "EXT 2022"]
[Source "ChessBase"]
[SourceDate "2021.10.06"]
[SourceVersion "1"]
[SourceVersionDate "2021.10.06"]
[SourceQuality "1"]

1. e4 c6 2. d4 d5 3. Nd2 g6 4. Ngf3 Bg7 5. h3 Nf6 6. Bd3 dxe4 7. Nxe4 Nxe4 8. Bxe4 Nd7 9. c3 0-0 10. 0-0 Qc7 11. Re1 e5 12. dxe5 Nxe5 13. Nxe5 Bxe5 14. Bh6 Re8 15. Qf3 Be6 16. Bg5 Bg7 17. Re3 Qb6 18. b3 Qa5 19. h4 Bxb3 20. Rae1 Be6 21. Bf6 Bh6 22. Rd3 Bg7 23. Rde3 Bxf6 24. Qxf6 Qd8 25. Qf4 Kg7 26. h5 g5 27. h6+ Kg8 28. Rg3 f6 29. Bc2 Kh8 30. Rxg5 1-0

[Event "Pan American-ch U16"]
[Site "Guayaquil"]
[Date "2019.07.26"]
[Round "8"]
[White "Carballo Jacquez, Emmanuel"]
[Black "Castillo Gonzalez, Thomas Davis"]
[Result "0-1"]
[WhiteElo "1657"]
[BlackElo "1734"]
[PlyCount "74"]
[EventDate "2019.07.21"]
[EventType "swiss"]
[EventRounds "9"]
[EventCountry "ECU"]
[SourceTitle "EXT 2020"]
[Source "ChessBase"]
[SourceDate "2019.10.17"]
[SourceVersion "1"]
[SourceVersionDate "2019.10.17"]
[SourceQuality "1"]

1. e4 Nf6 2. e5 Nd5 3. d4 d6 4. c4 Nb6 5. exd6 cxd6 6. b3 g6 7. Bb2 Bg7 8. Nf3 0-0 9. Be2 Bf5 10. Nbd2 Nc6 11. 0-0 Nb4 12. a3 Nd3 13. Bc3 Nf4 14. Nh4 Qd7 15. Nxf5 Qxf5 16. Bf3 Qd3 17. Rc1 Bxd4 18. Bxd4 Qxd4 19. Bxb7 Rab8 20. Bf3 Nd7 21. g3 Nd3 22. Rc2 N7e5 23. Bg2 a5 24. Qe2 Rfc8 25. Qe4 Qc5 26. Qd5 Qxa3 27. Rc3 Nb4 28. Qe4 e6 29. f4 Nd7 30. g4 d5 31. Qe3 Na2 32. Rc2 dxc4 33. Ra1 cxb3 34. Raxa2 Qxa2 35. Rxa2 bxa2 36. Qe1 Rb1 37. Nxb1 a1Q 0-1

[Event "ECU-ch U16"]
[Site "Guayaquil"]
[Date "2019.04.17"]
[Round "2"]
[White "Infante Freire, Alex Daniel"]
[Black "Castillo Gonzalez, Thomas Davis"]
[Result "1/2-1/2"]
[WhiteElo "1446"]
[BlackElo "1745"]
[PlyCount "62"]
[EventDate "2019.04.17"]
[EventType "swiss"]
[EventRounds "9"]
[EventCountry "ECU"]
[SourceTitle "CBM 190 Extra"]
[Source "ChessBase"]
[SourceDate "2019.07.15"]
[SourceVersion "1"]
[SourceVersionDate "2019.07.15"]
[SourceQuality "1"]

1. e4 c6 2. d4 d5 3. Nc3 g6 4. Nf3 Bg4 5. exd5 cxd5 6. Bb5+ Nc6 7. h3 Bxf3 8. Qxf3 e6 9. Be3 Bg7 10. 0-0 Nge7 11. Ne2 0-0 12. c3 Qb6 13. Bd3 Rac8 14. b3 Na5 15. Rac1 Nec6 16. Nf4 Qd8 17. Bb1 b5 18. Nd3 Nb7 19. b4 e5 20. dxe5 Nxe5 21. Nxe5 Bxe5 22. Bxa7 Ra8 23. Qe3 Re8 24. Bb6 Qf6 25. Bd4 Nd6 26. Bxe5 Rxe5 27. Qd4 Nf5 28. Bxf5 Qxf5 29. Rfe1 Rae8 30. Qd2 R5e6 31. Rxe6 fxe6 1/2-1/2